BANDERA DEL PAÍS VECINO - Estadísticas

Estadísticas generales
  • Esta prueba ha sido intentada 45 veces
    25 desde el último reinicio
  • La puntuación promedio es 6 de 7
Estadísticas de respuestas
Imagen Respuesta % Correcto
Lituania, Estonia, Bielorrusia o Rusia
100%
Alemania o Canadá
95%
Rumanía o Ucrania
95%
Malasia
90%
República Dominicana
90%
Sudáfrica
90%
Arabia Saudí u Omán
85%
No se encontraron pruebas coincidentes
Distribución de puntuación
Porcentaje de gente con cada puntuación
Porcentaje por número respondido
Historial de tus puntuaciones
No has intentado esta prueba desde el último reinicio